书目信息 |
| 题名: |
坦桑尼亚史
|
|
| 作者: | 特穆 , 基曼博 , 薛飞 主编 | |
| 分册: | ||
| 出版信息: | 北京 商务印书馆 1973 |
|
| 页数: | 392页 | |
| 开本: | 19cm | |
| 丛书名: | ||
| 单 册: | ||
| 中图分类: | K425.0 , K942.5 | |
| 科图分类: | ||
| 主题词: | 历史--坦桑尼亚 , 地理 | |
| 电子资源: | ||
| ISBN: | ||
| 000 | 00739nam0 2200277 45 | |
| 001 | 0176001475 | |
| 005 | 20060718143751.37 | |
| 010 | @dCNY0.15 | |
| 100 | @a19951017d1973 em y0chiy0121 ea | |
| 101 | 1 | @achi |
| 102 | @aCN@b110000 | |
| 105 | @ay z 000yy | |
| 200 | 10 | @a坦桑尼亚史@Atan sang ni ya shi@f薛飞编@Fxue fei bian |
| 210 | @a北京@c商务印书馆@d1973 | |
| 215 | @a392页@d19cm | |
| 606 | @a历史@y坦桑尼亚 | |
| 606 | 0 | @a地理 |
| 607 | @a坦桑尼亚@x历史 | |
| 690 | @aK425.0@v3 | |
| 690 | @aK942.5@v3 | |
| 701 | 1 | @a特穆@Ate mu@bJ.@4主编 |
| 701 | 1 | @a基曼博@Aji man bo@bN.@4主编 |
| 701 | 0 | @a薛飞@Axue fei@4编 |
| 801 | 2 | @aCN@bNLC@c20060718 |
| 801 | 0 | @aCN@b广东省中山图书馆@c20040512 |
| 905 | @f1@b218837@dK942.5@e74 | |
| 坦桑尼亚史/薛飞编.-北京:商务印书馆,1973 |
| 392页;19cm |
| ISBN :CNY0.15 |
| ● |
| 相关链接 |
|
|
|
|
正题名:坦桑尼亚史
索取号:K942.5/74
 
预约/预借
| 序号 | 登录号 | 条形码 | 馆藏地/架位号 | 状态 | 备注 |
| 1 | 0424458 | 204244585 | 密集书库/ [索取号:K942.5/74] | 在馆 |